01153nam a2200265 a 450000100060000000300080000600500170001400800410003102000260007203500200009804000270011804100080014508200220015324501080017526000330028330000350031650002390035150400320059065000130062270000350063570000320067071000910070271000700079385600240086368058BD-RjUL20211209081727.0170330s1973 enkab b 101 0 eng d a0387060049 (New York) a(BD-RjUL) 68267 aDLCcDLCdBD-RjULbeng aeng00a570223bBIO 197304aThe Biology of the Indian Ocean /cEdited by Bernt Zeitzschel in cooperation with Sebastian A. Gerlach. aNew York :bSpringer,c1973. axiii, 549 p. :bill. ;c25 cm. aProceedings of a symposium held at the University of Kiel, Germany, from 31 March to 6 April, 1971, organized by the Scientific Committee on Oceanic Research and the Marine Productivity section of the International Biological Program. aBibliography: p. [521]-544. 0a Biology1 aZeitzschel, Bernt,d1937-eed.1 aGerlach, Sebastian A.,eed.2 aInternational Council of Scientific Unions.bScientific Committee on Oceanic Research.2 aInternational Biological Programme.bMarine Productivity Section. 3Ecological studies,